000
00303nam a2200133Ia 4500
100
_a
Ray/T.K.
942
_c
BK
654
_a
stress
245
_a
Experimental anaysis of stress and strain
260
_b
S.Chand and Co.
_a
New Delhi
_c
1982
082
_a
620.112
_b
RAY
300
_a
333
546
_a
ENGLISH
999
_c
26893
_d
26893